[Event "Junior Online 4NCL Division 2"]
[Site "online"]
[Date "2020.10.29"]
[Round "6.46"]
[White "Jardzioch, Ernest"]
[Black "Shrestha, Unnabh"]
[Result "0-1"]
[WhiteElo "992"]
[BlackElo "1084"]
[PlyCount "98"]
[EventDate "2020.10.29"]
[WhiteTeam "St Albans Early Knights 3"]
[BlackTeam "East Kilbride Knights"]

1. e4 c6 2. d4 d5 3. Nc3 dxe4 4. Nxe4 Bf5 5. Bd3 Qxd4 6. f3 Nd7 7. Qe2 Bxe4 8.
fxe4 Nc5 9. Be3 Nxd3+ 10. Qxd3 Qxd3 11. cxd3 O-O-O 12. d4 Nf6 13. e5 Ng4 14.
Bf2 Nxf2 15. Kxf2 Rxd4 16. Nf3 Rb4 17. Rab1 e6 18. a3 Rb3 19. Nd2 Rb5 20. a4
Rxe5 21. Nf3 Rf5 22. g4 Rf4 23. h3 Bc5+ 24. Kg3 Rxa4 25. Rhc1 Bd6+ 26. Kh4 Rf4
27. Kg3 Rc4+ 28. Kf2 Rxc1 29. Rxc1 Rd8 30. Ng5 Bf4 31. Rc5 Bxg5 32. Rxg5 g6 33.
Ra5 Kb8 34. b4 Rd5 35. Ra3 Rb5 36. Rb3 c5 37. Rf3 cxb4 38. Rxf7 b3 39. Rxh7 b2
40. Rh6 b1=Q 41. Rxg6 Qxg6 42. Kg3 Rb3+ 43. Kf4 Qf6+ 44. Ke4 Rb4+ 45. Kd3 Qd4+
46. Ke2 Qe4+ 47. Kf2 Qf4+ 48. Kg2 Rb2+ 49. Kg1 Qc1# 0-1

[Event "Junior Online 4NCL Division 2"]
[Site "online"]
[Date "2020.10.29"]
[Round "6.47"]
[White "Tandon, Ashley"]
[Black "Saporenkova, Rita"]
[Result "1-0"]
[WhiteElo "911"]
[BlackElo "977"]
[PlyCount "25"]
[EventDate "2020.10.29"]
[WhiteTeam "East Kilbride Knights"]
[BlackTeam "St Albans Early Knights 3"]

1. d4 d5 2. c4 dxc4 3. e3 b5 4. a4 a6 5. axb5 Be6 6. Nc3 Nd7 7. Rxa6 Rxa6 8.
bxa6 Nb6 9. a7 Qa8 10. Nb5 Nd5 11. Bxc4 c6 12. Bxd5 cxb5 13. Bxa8 1-0

[Event "Junior Online 4NCL Division 2"]
[Site "online"]
[Date "2020.10.29"]
[Round "6.48"]
[White "Owladi, Maya"]
[Black "Pardeshi, Prachi"]
[Result "1-0"]
[WhiteElo "797"]
[BlackElo "523"]
[PlyCount "59"]
[EventDate "2020.10.29"]
[WhiteTeam "St Albans Early Knights 3"]
[BlackTeam "East Kilbride Knights"]

1. e4 e5 2. Nf3 Nc6 3. Nc3 Nf6 4. Bc4 h6 5. O-O Bc5 6. h3 d6 7. d3 Nd4 8. Be3
Nxf3+ 9. Qxf3 b6 10. Rfe1 O-O 11. Rad1 a6 12. Na4 Bxe3 13. fxe3 b5 14. Nc3 bxc4
15. dxc4 g5 16. Rf1 Nh7 17. Qh5 Kg7 18. Nd5 f5 19. exf5 Rxf5 20. Rf2 Rxf2 21.
Kxf2 c6 22. Nc3 Qf8+ 23. Ke2 Qf5 24. Rd2 Be6 25. Rxd6 Qxc2+ 26. Kf3 Qf5+ 27.
Kg3 Bxc4 28. Qxh6+ Kh8 29. Rd7 Bg8 30. Qg7# 1-0

[Event "Junior Online 4NCL Division 2"]
[Site "online"]
[Date "2020.10.29"]
[Round "6.51"]
[White "Hariharan, Shambavi"]
[Black "Rich, Aaron"]
[Result "1/2-1/2"]
[WhiteElo "1217"]
[BlackElo "1615"]
[PlyCount "139"]
[EventDate "2020.10.29"]
[WhiteTeam "Maid Marians 2"]
[BlackTeam "Hull and Friends 2"]

1. d4 b6 2. Nf3 Bb7 3. Bf4 e6 4. e3 Nf6 5. a3 Be7 6. c4 Ne4 7. Be2 O-O 8. h3
Bh4 9. O-O Nc6 10. Nbd2 f5 11. Nxh4 Qxh4 12. Nf3 Qf6 13. Bd3 Ne7 14. Ne5 Rad8
15. Nf3 d6 16. Rc1 Ng6 17. Bh2 Ng5 18. Be2 f4 19. exf4 Nxf4 20. Bxf4 Qxf4 21.
Nxg5 Qxg5 22. g3 Qh6 23. h4 Qg6 24. Bd3 Qf6 25. Rb1 Bf3 26. Be2 Be4 27. Bd3
Qxd4 28. Bxe4 Qxe4 29. Qb3 Qf5 30. Qe3 Rf6 31. Rfe1 Re8 32. Rbd1 Qg4 33. Qe4
Qxe4 34. Rxe4 e5 35. f4 Rfe6 36. Rde1 Kf7 37. f5 Rf6 38. g4 h6 39. h5 Ke7 40.
Kf2 Kd7 41. Kg3 Ref8 42. b4 c5 43. b5 Ra8 44. a4 a6 45. Kf3 axb5 46. axb5 Ra3+
47. R1e3 Ra1 48. Re1 Rxe1 49. Rxe1 Kc7 50. Rd1 Rf8 51. Ke4 Ra8 52. Kd5 Rd8 53.
Ra1 Kb7 54. Re1 Kc7 55. Ke6 Rf8 56. Rd1 Rf6+ 57. Kd5 Rf8 58. Ke6 Rd8 59. Kd5
Re8 60. Ke4 Kd7 61. Ra1 Rc8 62. Ra7+ Rc7 63. Ra1 Rb7 64. Ra2 Ke7 65. Kd5 Kd7
66. Ra1 Rc7 67. Ra6 Rb7 68. Ra1 Rc7 69. Ra6 Rb7 70. Ra1 1/2-1/2

[Event "Junior Online 4NCL Division 2"]
[Site "online"]
[Date "2020.10.29"]
[Round "6.52"]
[White "Wood, Gabriel"]
[Black "Stokes, Matthew"]
[Result "1-0"]
[WhiteElo "1600"]
[BlackElo "955"]
[PlyCount "105"]
[EventDate "2020.10.29"]
[WhiteTeam "Hull and Friends 2"]
[BlackTeam "Maid Marians 2"]

1. e4 d5 2. exd5 Qxd5 3. Nc3 Qd6 4. Nf3 Nc6 5. Bc4 e6 6. d3 Nf6 7. Bg5 Be7 8.
O-O h6 9. Bh4 Bd7 10. Bg3 Qb4 11. Qc1 Bd6 12. a3 Qb6 13. b4 Bxg3 14. Na4 Qxf2+
15. Rxf2 Bxf2+ 16. Kxf2 Ng4+ 17. Kg1 O-O 18. Qf4 Nf6 19. Qxc7 Rab8 20. Nc5 Rfd8
21. Ne5 Nxe5 22. Qxe5 b6 23. Nxd7 Nxd7 24. Qf4 b5 25. Bb3 Nf6 26. Rf1 Rf8 27.
Qg3 Nd7 28. Qc7 Nf6 29. Qxa7 Ra8 30. Qc5 Rab8 31. a4 Rfc8 32. Qf2 bxa4 33. Bxa4
Rxb4 34. Bb3 Rf8 35. Bc4 Rb2 36. Bb3 Ng4 37. Qd4 Rxb3 38. cxb3 Nf6 39. b4 Rb8
40. Qc4 Ng4 41. Qxg4 Rf8 42. b5 Rb8 43. Qc4 Ra8 44. b6 Rb8 45. Qc7 Rf8 46. b7
Kh7 47. b8=Q Rxb8 48. Qxb8 e5 49. Rxf7 Kg6 50. Qg8 Kg5 51. Qxg7+ Kh5 52. Qxe5+
Kg6 53. Qf5# 1-0

[Event "Junior Online 4NCL Division 2"]
[Site "online"]
[Date "2020.10.29"]
[Round "6.53"]
[White "Pitts, Hannah"]
[Black "Triffitt, Bradley"]
[Result "0-1"]
[WhiteElo "1022"]
[BlackElo "1555"]
[PlyCount "80"]
[EventDate "2020.10.29"]
[WhiteTeam "Maid Marians 2"]
[BlackTeam "Hull and Friends 2"]

1. e4 c5 2. Nf3 Nc6 3. Nc3 d6 4. Bb5 Bd7 5. h3 g6 6. Ne2 Bg7 7. O-O Nf6 8. Ng3
O-O 9. Re1 a6 10. Bc4 b5 11. Bb3 c4 12. Bxc4 bxc4 13. c3 Qb6 14. d4 cxd3 15.
Qxd3 Ne8 16. b4 Nxb4 17. cxb4 Bxa1 18. Be3 Qxb4 19. Rxa1 Bb5 20. Qd4 Qxd4 21.
Bxd4 Nc7 22. Ng5 f6 23. Nf3 e5 24. Bb6 Ne6 25. Rc1 Rfc8 26. Be3 Rxc1+ 27. Bxc1
Rc8 28. Be3 Rc2 29. a3 Rc3 30. Ne2 Bxe2 31. Nh4 Rxa3 32. Kh2 Rxe3 33. fxe3 a5
34. Nf3 Bxf3 35. gxf3 a4 36. Kg3 a3 37. Kh4 a2 38. Kg4 a1=Q 39. Kh4 Qe1+ 40.
Kg4 h5# 0-1

[Event "Junior Online 4NCL Division 2"]
[Site "online"]
[Date "2020.10.29"]
[Round "6.54"]
[White "Luckhurst, Isaac"]
[Black "Liu, Lucy"]
[Result "0-1"]
[WhiteElo "1005"]
[BlackElo "887"]
[PlyCount "104"]
[EventDate "2020.10.29"]
[WhiteTeam "Hull and Friends 2"]
[BlackTeam "Maid Marians 2"]

1. e4 e5 2. Nc3 Bc5 3. Nf3 Nf6 4. Nxe5 O-O 5. Bc4 d6 6. Nf3 Bg4 7. O-O Nc6 8.
h3 Bh5 9. g4 Bg6 10. e5 dxe5 11. Ng5 h6 12. Nf3 e4 13. Nh4 Ne5 14. Re1 Nxc4 15.
b3 Nd6 16. a3 Nd5 17. Nxd5 Qxh4 18. b4 Bxf2+ 19. Kf1 Bd4 20. Re2 Qxh3+ 21. Rg2
Bxa1 22. d4 Qh1+ 23. Rg1 Qh5 24. Nxc7 Qh3+ 25. Rg2 Rac8 26. Nd5 Nb5 27. Qe2 a6
28. a4 Nc3 29. Qd2 Nxd5 30. Kg1 e3 31. Qe2 Be4 32. Rh2 Qg3+ 33. Rg2 Qxg2+ 34.
Qxg2 Bxg2 35. Kxg2 Rxc2+ 36. Kf1 Rxc1+ 37. Kg2 Rfc8 38. Kf3 Bxd4 39. Ke4 Rd8
40. Kxd4 Nxb4+ 41. Ke5 f6+ 42. Ke4 Rc4+ 43. Kxe3 Rc5 44. Ke4 f5+ 45. Kf4 fxg4
46. Kxg4 Rd6 47. Kf4 Rd1 48. Kg4 Rc2 49. Kf5 Re2 50. Kg6 Rf1 51. Kh5 Rg2 52.
Kh4 Rh1# 0-1

[Event "Junior Online 4NCL Division 2"]
[Site "online"]
[Date "2020.10.29"]
[Round "6.55"]
[White "Rich, Aaron"]
[Black "Hariharan, Shambavi"]
[Result "1-0"]
[WhiteElo "1615"]
[BlackElo "1217"]
[PlyCount "39"]
[EventDate "2020.10.29"]
[WhiteTeam "Hull and Friends 2"]
[BlackTeam "Maid Marians 2"]

1. b3 d5 2. Bb2 Nf6 3. e3 Bf5 4. Nf3 e6 5. Ne5 c6 6. f4 Nbd7 7. Be2 Be7 8. O-O
h6 9. c4 dxc4 10. Bxc4 Nb6 11. Na3 O-O 12. Rf3 Be4 13. Rg3 Bf5 14. Nc2 Ne4 15.
Nxc6 bxc6 16. Rxg7+ Kh8 17. Qh5 Nf6 18. Qxh6+ Nh7 19. Rxh7+ Kg8 20. Rh8# 1-0

[Event "Junior Online 4NCL Division 2"]
[Site "online"]
[Date "2020.10.29"]
[Round "6.56"]
[White "Stokes, Matthew"]
[Black "Wood, Gabriel"]
[Result "0-1"]
[WhiteElo "955"]
[BlackElo "1600"]
[PlyCount "110"]
[EventDate "2020.10.29"]
[WhiteTeam "Maid Marians 2"]
[BlackTeam "Hull and Friends 2"]

1. d4 Nf6 2. c4 e6 3. Nf3 d5 4. Nc3 c6 5. e3 Bd6 6. c5 Bc7 7. b4 b6 8. Ba3 b5
9. Bd3 a5 10. O-O a4 11. Rb1 Nbd7 12. h3 Qe7 13. Re1 e5 14. dxe5 Nxe5 15. Bc2
Nc4 16. Bc1 Ne4 17. Ne2 O-O 18. Qd4 Be5 19. Nxe5 Qxe5 20. Qxe5 Nxe5 21. Nd4 Bd7
22. Bxe4 dxe4 23. a3 Nd3 24. Rd1 Rac8 25. Bb2 Be6 26. Ne2 Ba2 27. Ra1 Nxb2 28.
Rd2 Bb3 29. Rxb2 Rfd8 30. Rbb1 Rd2 31. Ng3 Ra2 32. Rxa2 Bxa2 33. Rb2 Bb3 34.
Nxe4 Rd8 35. Rd2 Rxd2 36. Nxd2 Kf8 37. f4 Ke7 38. g4 Ke6 39. f5+ Kd5 40. e4+
Kd4 41. Kf1 Bc2 42. Ke2 Bxe4 43. Kf2 Bd5 44. Kg3 Kc3 45. Nb1+ Kb2 46. Nd2 Kxa3
47. Nb1+ Kxb4 48. Kf4 a3 49. Ke3 a2 50. Kd2 axb1=Q 51. Ke3 Qb3+ 52. Kf4 Qf3+
53. Kg5 f6+ 54. Kh4 Qf4 55. Kh5 Qg5# 0-1

[Event "Junior Online 4NCL Division 2"]
[Site "online"]
[Date "2020.10.29"]
[Round "6.57"]
[White "Triffitt, Bradley"]
[Black "Pitts, Hannah"]
[Result "1-0"]
[WhiteElo "1555"]
[BlackElo "1022"]
[PlyCount "75"]
[EventDate "2020.10.29"]
[WhiteTeam "Hull and Friends 2"]
[BlackTeam "Maid Marians 2"]

1. d4 Nc6 2. Nf3 Nf6 3. Bf4 e6 4. e3 Bb4+ 5. c3 Bd6 6. Bxd6 cxd6 7. Nbd2 h6 8.
Nc4 Qe7 9. Qc2 O-O 10. Be2 b6 11. e4 d5 12. exd5 exd5 13. Nce5 Nxe5 14. Nxe5 d6
15. Nc6 Qc7 16. Nb4 Re8 17. O-O Bb7 18. Bf3 Qe7 19. h3 Qe6 20. Nd3 Ba6 21. Rfd1
Bxd3 22. Rxd3 Qf5 23. Qd2 Qg6 24. Re3 Rxe3 25. fxe3 Nh5 26. Bxd5 Re8 27. Rf1
Rf8 28. Bf3 Nf6 29. Be2 Ne4 30. Qc2 Nf6 31. Qxg6 fxg6 32. Bd3 g5 33. Rf3 Nd7
34. Bc4+ Kh8 35. Rxf8+ Nxf8 36. Kf2 Ng6 37. g3 Ne7 38. Kf3 1-0

[Event "Junior Online 4NCL Division 2"]
[Site "online"]
[Date "2020.10.29"]
[Round "6.58"]
[White "Liu, Lucy"]
[Black "Luckhurst, Isaac"]
[Result "1-0"]
[WhiteElo "887"]
[BlackElo "1005"]
[PlyCount "35"]
[EventDate "2020.10.29"]
[WhiteTeam "Maid Marians 2"]
[BlackTeam "Hull and Friends 2"]

1. e4 e5 2. Nf3 Nf6 3. Bc4 Nc6 4. d4 exd4 5. Nxd4 Ne5 6. b3 Bb4+ 7. Bd2 Bc5 8.
Bg5 h6 9. Bh4 g5 10. Bg3 Nxe4 11. Bxe5 O-O 12. O-O d5 13. Bb5 c6 14. Bd3 Qa5
15. Bxe4 dxe4 16. Qh5 Qd8 17. Qxh6 Qe8 18. Qh8# 1-0

[Event "Junior Online 4NCL Division 2"]
[Site "online"]
[Date "2020.10.29"]
[Round "6.61"]
[White "Sapsford, Oliver"]
[Black "Benson, Alice"]
[Result "0-1"]
[WhiteElo "1442"]
[BlackElo "740"]
[PlyCount "131"]
[EventDate "2020.10.29"]
[WhiteTeam "Border Bandits 1"]
[BlackTeam "Phones Juniors B"]

1. e4 e5 2. Nf3 Nc6 3. Bb5 a6 4. Ba4 Bc5 5. Nc3 d6 6. d3 Nf6 7. Bg5 Bb4 8. a3
Bxc3+ 9. bxc3 O-O 10. Bb3 h6 11. Bh4 Qe7 12. O-O Be6 13. d4 Bxb3 14. cxb3 exd4
15. cxd4 g5 16. Bg3 Qxe4 17. Re1 Qg6 18. d5 Na7 19. Re7 Ne8 20. Qd4 Qg7 21.
Qxg7+ Kxg7 22. Rae1 Nb5 23. a4 Nc3 24. h3 Nxd5 25. R7e4 Nef6 26. R4e2 Rfe8 27.
Rxe8 Rxe8 28. Rxe8 Nxe8 29. Nd2 Nef6 30. f3 Nb6 31. Kf1 Kg6 32. Ke2 Kf5 33. Ke3
Nfd5+ 34. Kd3 h5 35. Ne4 g4 36. fxg4+ hxg4 37. h4 Nb4+ 38. Ke3 N6d5+ 39. Kd4
c5+ 40. Kc4 Kxe4 41. Bxd6 Ne3+ 42. Kxc5 Nd3+ 43. Kb6 Kd5 44. Bb8 Nc5 45. h5
Nd7+ 46. Kxb7 Nxb8 47. Kxb8 Nxg2 48. h6 Nf4 49. h7 Ng6 50. b4 g3 51. b5 axb5
52. axb5 Kc5 53. Ka7 Kxb5 54. h8=Q Nxh8 55. Kb7 g2 56. Kc7 g1=Q 57. Kd7 Qa7+
58. Kd6 Qc5+ 59. Kd7 Qa7+ 60. Kd6 Kb6 61. Kd5 Qc7 62. Kd4 Kb5 63. Kd3 Kb4 64.
Kd2 Kb3 65. Kd1 Qh2 66. Kc1 0-1

[Event "Junior Online 4NCL Division 2"]
[Site "online"]
[Date "2020.10.29"]
[Round "6.62"]
[White "Srivastava, Aditya"]
[Black "Goodwin, Robert Rhys"]
[Result "0-1"]
[WhiteElo "654"]
[BlackElo "1318"]
[PlyCount "78"]
[EventDate "2020.10.29"]
[WhiteTeam "Phones Juniors B"]
[BlackTeam "Border Bandits 1"]

1. e4 e5 2. Nf3 Nc6 3. Bc4 Bc5 4. d3 Nf6 5. h3 h6 6. Nc3 d6 7. O-O Be6 8. Nd5
Qd7 9. Nxf6+ gxf6 10. Bb5 Rg8 11. Kh1 Bxh3 12. Bxc6 Bxg2+ 13. Kh2 bxc6 14. Ng1
Bxf1 15. Qxf1 Qg4 16. c3 Qh4+ 17. Nh3 O-O-O 18. a4 a6 19. d4 exd4 20. Qxa6+ Kd7
21. b4 Bb6 22. a5 Qxe4 23. Nf4 Qf3 24. Ra2 Qd1 25. Nh3 Bxa5 26. Qxa5 Qxc1 27.
Qf5+ Ke8 28. Re2+ Kf8 29. Qxf6 Re8 30. Rxe8+ Kxe8 31. Qxd4 Qe1 32. Qe3+ Qxe3
33. fxe3 Rg4 34. Nf4 Ke7 35. Kh3 h5 36. Nxh5 Rc4 37. Ng7 Rxc3 38. Nf5+ Kf6 39.
Kg4 Rc4+ 0-1

[Event "Junior Online 4NCL Division 2"]
[Site "online"]
[Date "2020.10.29"]
[Round "6.63"]
[White "Brown, Kingsley"]
[Black "Arya, Aadit"]
[Result "0-1"]
[WhiteElo "1300"]
[BlackElo "622"]
[PlyCount "112"]
[EventDate "2020.10.29"]
[WhiteTeam "Border Bandits 1"]
[BlackTeam "Phones Juniors B"]

1. e4 e6 2. d4 d5 3. Nc3 Bb4 4. Nge2 dxe4 5. Bd2 Bxc3 6. Bxc3 Nf6 7. d5 exd5 8.
Bxf6 Qxf6 9. Qxd5 Qxb2 10. Qxe4+ Be6 11. Qd4 Qxc2 12. Nf4 O-O 13. Nxe6 fxe6 14.
Bc4 Qg6 15. O-O Nc6 16. Qd7 Rae8 17. Rfe1 Qf6 18. Bxe6+ Rxe6 19. Qxe6+ Qxe6 20.
Rxe6 Nd4 21. Re7 Nb5 22. Rae1 b6 23. Re8 Rxe8 24. Rxe8+ Kf7 25. Re5 c5 26. Kf1
Nd4 27. Rd5 Ke6 28. Rg5 g6 29. Ke1 Nf5 30. Ke2 Ke5 31. g4 Kf4 32. gxf5 Kxg5 33.
fxg6 hxg6 34. Ke3 Kg4 35. Ke4 Kh3 36. Kf4 Kxh2 37. Kg5 c4 38. f4 c3 39. Kxg6 c2
40. f5 c1=Q 41. f6 Qc7 42. f7 Qg3+ 43. Kh7 Qc7 44. Kg8 Qg3+ 45. Kh7 Qf4 46. Kg8
Qg5+ 47. Kf8 Qf6 48. Ke8 Qg6 49. Kf8 Kh3 50. a4 Kg4 51. a5 Kf5 52. axb6 axb6
53. Ke7 Qe6+ 54. Kf8 Kf6 55. Kg8 Qxf7+ 56. Kh8 Qg7# 0-1

[Event "Junior Online 4NCL Division 2"]
[Site "online"]
[Date "2020.10.29"]
[Round "6.64"]
[White "Railwani, Tavish"]
[Black "Wynn, Jacob"]
[Result "1-0"]
[WhiteElo "100"]
[BlackElo "1186"]
[PlyCount "159"]
[EventDate "2020.10.29"]
[WhiteTeam "Phones Juniors B"]
[BlackTeam "Border Bandits 1"]

1. e4 e5 2. Nf3 Nc6 3. Bc4 Bc5 4. O-O d6 5. h3 Nf6 6. d3 Be6 7. Bxe6 fxe6 8.
Bg5 Qe7 9. Nc3 O-O-O 10. Qe2 Kb8 11. Nb5 d5 12. Bh4 h6 13. Bg3 dxe4 14. dxe4 g5
15. Nxe5 Nxe5 16. Bxe5 Bd6 17. Bd4 Bc5 18. Bxc5 Qxc5 19. Nc3 Rhg8 20. Qe3 Qxe3
21. fxe3 Nh5 22. Na4 Rd2 23. c3 Nf6 24. Rad1 Nxe4 25. Rxd2 Nxd2 26. Rf7 g4 27.
hxg4 Ne4 28. Kf1 Nd2+ 29. Ke2 Ne4 30. Kd3 Ng3 31. Nc5 Rd8+ 32. Kc4 Ne2 33. Nxe6
Re8 34. Nxc7 Rc8 35. Kd3 Nc1+ 36. Kc2 Nxa2 37. Ne6 a6 38. Kd2 Ka7 39. b4 Nxc3
40. Nc5 Nb5 41. Rxb7+ Ka8 42. Rb6 Na7 43. Rxa6 Rc7 44. Ne6 Rd7+ 45. Kc3 Re7 46.
b5 Kb7 47. Nc5+ Kb8 48. Rb6+ Ka8 49. Kc4 Rc7 50. Kb4 Rc8 51. Na6 Rd8 52. e4
Rd4+ 53. Kc5 Nc8 54. Nc7+ Ka7 55. Ra6+ Kb7 56. Ne6 Rd7 57. Kb4 Nb6 58. Ka5 Nc4+
59. Kb4 Nb6 60. Nc5+ Kc7 61. Nxd7 Nxd7 62. Rc6+ Kd8 63. b6 Nb8 64. Rxh6 Kc8 65.
Rh8+ Kb7 66. Kb5 Nd7 67. Rh7 Kb8 68. Rxd7 Kc8 69. Ra7 Kb8 70. Ka6 Kc8 71. b7+
Kb8 72. Ra8+ Kc7 73. b8=Q+ Kc6 74. Qb6+ Kd7 75. Rd8+ Ke7 76. Qd6+ Kf7 77. Rd7+
Ke8 78. Qe6+ Kf8 79. Rf7+ Kg8 80. Qe8# 1-0

[Event "Junior Online 4NCL Division 2"]
[Site "online"]
[Date "2020.10.29"]
[Round "6.65"]
[White "Benson, Alice"]
[Black "Sapsford, Oliver"]
[Result "1-0"]
[WhiteElo "740"]
[BlackElo "1442"]
[PlyCount "159"]
[EventDate "2020.10.29"]
[WhiteTeam "Phones Juniors B"]
[BlackTeam "Border Bandits 1"]

1. d4 e6 2. Bf4 d5 3. e3 c5 4. dxc5 Bxc5 5. Nf3 Nc6 6. Bb5 Qb6 7. Bxc6+ bxc6 8.
Qc1 Nf6 9. O-O Ba6 10. Rd1 O-O 11. Nc3 Ne4 12. Nxe4 dxe4 13. Ne5 Rfd8 14. Nd7
Qb5 15. Nxc5 Qxc5 16. Bc7 Rxd1+ 17. Qxd1 h6 18. Qd2 Qd5 19. Ba5 Rb8 20. b3 Rb5
21. c4 Qxd2 22. Bxd2 Rb8 23. Rd1 Rd8 24. Kf1 f5 25. Ke2 Kf7 26. Bb4 Rxd1 27.
Kxd1 Kf6 28. Bc5 Ke5 29. Bxa7 Kd6 30. Kc2 g5 31. a4 c5 32. Kc3 g4 33. b4 cxb4+
34. Kxb4 Bb7 35. Kb5 Kc7 36. a5 Bc6+ 37. Kc5 Bb7 38. Bb6+ Kd7 39. Kb5 Kd6 40.
a6 Bc6+ 41. Kb4 Kd7 42. c5 h5 43. Ka5 Kc8 44. Ba7 Kc7 45. Bb6+ Kb8 46. Bd8 Ka7
47. Bb6+ Kb8 48. a7+ Kb7 49. Kb4 e5 50. Kc4 f4 51. exf4 exf4 52. Kd4 h4 53. Bd8
h3 54. gxh3 gxh3 55. Bg5 e3 56. fxe3 f3 57. Bh4 Kxa7 58. Bf2 Kb7 59. Ke5 Kc7
60. Kf4 Bb7 61. e4 Kc6 62. Kxf3 Kd7 63. Kf4 Ke7 64. e5 Kf7 65. Bd4 Ke6 66. Kg3
Bg2 67. c6 Kd5 68. c7 Kxd4 69. c8=Q Kxe5 70. Qe8+ Kd4 71. Qe6 Kd3 72. Qg6+ Be4
73. Qh5 Bg2 74. Qxh3 Bxh3 75. Kxh3 Ke4 76. Kg4 Ke5 77. Kg5 Ke6 78. Kg6 Ke5 79.
h4 Kf4 80. h5 1-0

[Event "Junior Online 4NCL Division 2"]
[Site "online"]
[Date "2020.10.29"]
[Round "6.66"]
[White "Goodwin, Robert Rhys"]
[Black "Srivastava, Aditya"]
[Result "1-0"]
[WhiteElo "1318"]
[BlackElo "654"]
[PlyCount "77"]
[EventDate "2020.10.29"]
[WhiteTeam "Border Bandits 1"]
[BlackTeam "Phones Juniors B"]

1. e4 e5 2. Nf3 Nc6 3. Bc4 Bc5 4. Nc3 d6 5. d3 Bg4 6. h3 Bh5 7. g4 Bg6 8. b3
Nd4 9. Bb2 Qf6 10. Nxd4 Bxd4 11. Qe2 Ne7 12. O-O-O Qxf2 13. Qxf2 Bxf2 14. Rdf1
Be3+ 15. Kb1 O-O-O 16. Bxf7 Rhf8 17. Bxg6 Nxg6 18. Nb5 a6 19. Nc3 Nf4 20. Bc1
Bxc1 21. Kxc1 b5 22. Kd1 b4 23. Ne2 Ng2 24. Kd2 g5 25. Ng3 Rf4 26. Nh5 Rxf1 27.
Rxf1 Nf4 28. Nf6 Rf8 29. Nxh7 Rh8 30. Nxg5 Nxh3 31. Rh1 Nxg5 32. Rxh8+ Kb7 33.
Rg8 Nf3+ 34. Kc1 Kb6 35. g5 Nd4 36. g6 Ne2+ 37. Kd2 Nd4 38. g7 Nf3+ 39. Kc1 1-0

[Event "Junior Online 4NCL Division 2"]
[Site "online"]
[Date "2020.10.29"]
[Round "6.71"]
[White "Ravithas, Ashwin"]
[Black "Tomsett, Jonah"]
[Result "1-0"]
[WhiteElo "1390"]
[BlackElo "1300"]
[PlyCount "55"]
[EventDate "2020.10.29"]
[WhiteTeam "St Albans Early Knights 2"]
[BlackTeam "Robin Hoods 2"]

1. e4 e5 2. Nf3 Nc6 3. Bc4 Nf6 4. Nc3 d6 5. h3 Be7 6. d3 O-O 7. O-O Be6 8. Nd5
a6 9. Nxe7+ Nxe7 10. Bb3 Bxb3 11. axb3 Nc6 12. Bg5 h6 13. Bh4 b5 14. Re1 g5 15.
Nxg5 hxg5 16. Bxg5 Nh7 17. Bxd8 Raxd8 18. Qg4+ Kh8 19. c3 Rg8 20. Qf3 Nb8 21.
Qxf7 Rdf8 22. Qxc7 Rg7 23. Qxd6 Rfg8 24. Qxe5 Nd7 25. Qh2 Ne5 26. Qxe5 Nf8 27.
Rxa6 Nd7 28. Rh6# 1-0

[Event "Junior Online 4NCL Division 2"]
[Site "online"]
[Date "2020.10.29"]
[Round "6.72"]
[White "Humphreys, Benjamin"]
[Black "Cham, Alex"]
[Result "1-0"]
[WhiteElo "1300"]
[BlackElo "1285"]
[PlyCount "59"]
[EventDate "2020.10.29"]
[WhiteTeam "Robin Hoods 2"]
[BlackTeam "St Albans Early Knights 2"]

1. e4 c6 2. Nf3 d5 3. Nc3 Nf6 4. e5 Ne4 5. d4 Bg4 6. h3 Nxc3 7. bxc3 Bxf3 8.
Qxf3 e6 9. Bb2 Qb6 10. O-O-O a5 11. c4 dxc4 12. Bxc4 a4 13. Rd3 Qb4 14. Rc3 a3
15. Ba1 b5 16. Bb3 Qxd4 17. Rd1 Qxe5 18. Kb1 Qc7 19. Qe4 Bd6 20. Bxe6 fxe6 21.
Qxe6+ Qe7 22. Rxd6 Qxe6 23. Rxe6+ Kd7 24. Ree3 b4 25. Rcd3+ Kc7 26. Bxg7 Rg8
27. Be5+ Kb7 28. Bxb8 Rxg2 29. Re7+ Kxb8 30. Rd8# 1-0

[Event "Junior Online 4NCL Division 2"]
[Site "online"]
[Date "2020.10.29"]
[Round "6.73"]
[White "Ravithas, Abinash"]
[Black "Keenan, Isaac"]
[Result "1-0"]
[WhiteElo "1337"]
[BlackElo "1285"]
[PlyCount "79"]
[EventDate "2020.10.29"]
[WhiteTeam "St Albans Early Knights 2"]
[BlackTeam "Robin Hoods 2"]

1. e4 e5 2. Nf3 Nf6 3. Nc3 Nc6 4. Bc4 Bc5 5. d3 d6 6. h3 Bd7 7. Bg5 Qe7 8. Nd5
Qd8 9. Nh2 Be6 10. Qf3 Bxd5 11. Bxd5 Bb4+ 12. c3 Ba5 13. Ng4 Qe7 14. Nxf6+ gxf6
15. Bxf6 Qf8 16. Bxh8 Qxh8 17. Qxf7+ Kd8 18. a4 Ne7 19. b4 Bb6 20. a5 Bxf2+ 21.
Kxf2 Nxd5 22. exd5 b6 23. axb6 cxb6 24. Rxa7 Rxa7 25. Qxa7 Qe8 26. Qa8+ Ke7 27.
Qxe8+ Kxe8 28. Ra1 b5 29. Ra5 e4 30. dxe4 h5 31. Rxb5 h4 32. Rb7 Kd8 33. b5 Kc8
34. Rh7 Kb8 35. g4 Kc8 36. g5 Kd8 37. g6 Ke8 38. b6 Kf8 39. b7 Kg8 40. b8=Q#
1-0

[Event "Junior Online 4NCL Division 2"]
[Site "online"]
[Date "2020.10.29"]
[Round "6.74"]
[White "Krasnov, Maksim"]
[Black "Shaporenkov, Robert"]
[Result "0-1"]
[WhiteElo "1255"]
[BlackElo "1322"]
[PlyCount "60"]
[EventDate "2020.10.29"]
[WhiteTeam "Robin Hoods 2"]
[BlackTeam "St Albans Early Knights 2"]

1. e4 d6 2. d4 Nf6 3. Nc3 Nbd7 4. Nf3 e5 5. d5 c6 6. Bg5 Be7 7. dxc6 bxc6 8.
Bxf6 Nxf6 9. Bd3 Be6 10. O-O Qd7 11. Qe2 O-O 12. Ng5 d5 13. Nxe6 Qxe6 14. exd5
cxd5 15. f4 e4 16. f5 Qb6+ 17. Qf2 Qxb2 18. Rab1 Qxc3 19. Bxe4 Bc5 20. Bxd5
Bxf2+ 21. Rxf2 Nxd5 22. Rbf1 Rab8 23. g4 Rfe8 24. g5 Re1 25. f6 Rxf1+ 26. Rxf1
gxf6 27. gxf6 Ne3 28. Rf3 Qxc2 29. Rxe3 Rb1+ 30. Re1 Rxe1# 0-1

[Event "Junior Online 4NCL Division 2"]
[Site "online"]
[Date "2020.10.29"]
[Round "6.75"]
[White "Tomsett, Jonah"]
[Black "Ravithas, Ashwin"]
[Result "0-1"]
[WhiteElo "1300"]
[BlackElo "1390"]
[PlyCount "110"]
[EventDate "2020.10.29"]
[WhiteTeam "Robin Hoods 2"]
[BlackTeam "St Albans Early Knights 2"]

1. e4 e5 2. Nf3 Nc6 3. Bc4 Bc5 4. c3 Nf6 5. d4 exd4 6. cxd4 Bb4+ 7. Nc3 Nxe4 8.
O-O Bxc3 9. bxc3 O-O 10. Qd3 d5 11. Bb3 Bf5 12. Re1 Re8 13. Bb2 h6 14. c4 dxc4
15. Bxc4 Nd6 16. Rxe8+ Qxe8 17. Qb3 Na5 18. Bxf7+ Qxf7 19. Qxf7+ Kxf7 20. Ne5+
Ke6 21. Nf3 Nac4 22. d5+ Kf7 23. Bd4 b6 24. Ne5+ Nxe5 25. Bxe5 Rd8 26. Rc1 Rd7
27. h3 Be4 28. f3 Bxd5 29. Kf2 Bxa2 30. Rc2 Bd5 31. Rd2 Ke6 32. Bg3 Rf7 33. Ke3
Nc4+ 34. Ke2 Nxd2 35. Kxd2 a5 36. Kc3 c5 37. Kb2 b5 38. Be1 a4 39. Bf2 c4 40.
Be1 Bxf3 41. gxf3 Rxf3 42. Ba5 Rxh3 43. Kc2 g5 44. Kd2 a3 45. Bc3 Rxc3 46. Kxc3
g4 47. Kb4 a2 48. Kxb5 c3 49. Kc4 c2 50. Kb3 c1=Q 51. Kxa2 Qc3 52. Kb1 g3 53.
Ka2 g2 54. Kb1 g1=Q+ 55. Ka2 Qga1# 0-1

[Event "Junior Online 4NCL Division 2"]
[Site "online"]
[Date "2020.10.29"]
[Round "6.76"]
[White "Cham, Alex"]
[Black "Humphreys, Benjamin"]
[Result "1-0"]
[WhiteElo "1285"]
[BlackElo "1300"]
[PlyCount "71"]
[EventDate "2020.10.29"]
[WhiteTeam "St Albans Early Knights 2"]
[BlackTeam "Robin Hoods 2"]

1. d4 d5 2. Bf4 Nf6 3. e3 e6 4. Bd3 Nc6 5. c3 Bd6 6. Bg3 Bxg3 7. hxg3 Bd7 8.
Qc2 h6 9. Nf3 Qe7 10. Ng5 O-O-O 11. Nf3 Ne8 12. e4 Nd6 13. e5 Nf5 14. g4 f6 15.
gxf5 exf5 16. Bxf5 fxe5 17. Bxd7+ Rxd7 18. Nxe5 Nxe5 19. dxe5 Qxe5+ 20. Qe2 Qf6
21. Qg4 Re8+ 22. Kf1 Qa6+ 23. Kg1 Re1+ 24. Kh2 Qd6+ 25. g3 Re4 26. Qf3 Rh4+ 27.
Kg2 Rxh1 28. Kxh1 Qe6 29. Nd2 Qh3+ 30. Kg1 g5 31. Nb3 g4 32. Qf8+ Rd8 33. Qf5+
Rd7 34. Nc5 Kb8 35. Qf8+ Rd8 36. Qxd8# 1-0